[Event "Nationale pupillendag 2013"]
[Site "Roosendaal"]
[Date "2013.06.15"]
[Round "5.3"]
[White "Kentstra, Marc"]
[Black "Huang, Qian"]
[Result "1-0"]
[LiveChessVersion "1.4.2"]
[BlackElo "686"]
[WhiteElo "647"]

1. e4 {[%clk 0:19:58]} e5 {[%clk 0:20:00]} 2. Nf3 {[%clk 0:19:56]} d6
{[%clk 0:19:58]} 3. d4 {[%clk 0:19:50]} Nc6 {[%clk 0:19:55]} 4. dxe5
{[%clk 0:19:48]} Bd7 {[%clk 0:19:45]} 5. exd6 {[%clk 0:19:45]} Bxd6
{[%clk 0:19:42]} 6. Bc4 {[%clk 0:19:33]} h6 7. Nc3 Nf6 {[%clk 0:19:27]} 8. Be3
{[%clk 0:19:30]} O-O 9. Qd2 {[%clk 0:19:16]} Ng4 {[%clk 0:19:13]} 10. O-O-O
{[%clk 0:19:03]} Nxe3 {[%clk 0:19:07]} 11. Qxe3 {[%clk 0:18:52]} Qf6
{[%clk 0:18:59]} 12. Nd5 {[%clk 0:18:24]} Qd8 {[%clk 0:18:33]} 13. e5
{[%clk 0:18:08]} Nxe5 {[%clk 0:18:21]} 14. Nxe5 {[%clk 0:18:04]} Re8 15. f4
{[%clk 0:17:25]} f6 {[%clk 0:18:02]} 16. Nxc7+ {[%clk 0:17:12]} Kh8
{[%clk 0:17:54]} 17. Nxe8 {[%clk 0:16:51]} Qxe8 {[%clk 0:17:50]} 18. Nf7+
{[%clk 0:16:45]} Kg8 {[%clk 0:17:41]} 19. Nxd6+ {[%clk 0:16:42]} Kh8
{[%clk 0:17:38]} 20. Nxe8 {[%clk 0:16:40]} Rxe8 {[%clk 0:17:31]} 21. Qd4
{[%clk 0:16:36]} Bc6 {[%clk 0:17:10]} 22. Rde1 {[%clk 0:16:14]} Rf8
{[%clk 0:17:01]} 23. Qd6 {[%clk 0:16:05]} Ra8 {[%clk 0:16:43]} 24. Bd5
{[%clk 0:16:00]} Rc8 25. Bxc6 Rxc6 {[%clk 0:16:26]} 26. Re8+ {[%clk 0:15:40]} Kh7
{[%clk 0:16:21]} 27. Qd3+ {[%clk 0:15:38]} g6 {[%clk 0:16:17]} 28. Re7+
{[%clk 0:15:36]} Kh8 {[%clk 0:16:13]} 29. Qd8# 1-0

[Event "Nationale pupillendag 2013"]
[Site "Roosendaal"]
[Date "2013.06.15"]
[Round "5.4"]
[White "Sagynay, Inzhu"]
[Black "Algra, Sake"]
[Result "1-0"]
[LiveChessVersion "1.4.2"]
[BlackElo "1084"]
[WhiteElo "560"]

1. e4 {[%clk 0:19:59]} c5 {[%clk 0:19:58]} 2. Nf3 {[%clk 0:19:55]} d6
{[%clk 0:19:55]} 3. d4 {[%clk 0:19:52]} cxd4 {[%clk 0:19:51]} 4. Nxd4
{[%clk 0:19:50]} Nf6 {[%clk 0:19:49]} 5. Nc3 {[%clk 0:19:47]} g6 {[%clk 0:19:45]}
6. Be3 {[%clk 0:19:21]} Bg7 {[%clk 0:19:22]} 7. f3 {[%clk 0:19:06]} Nc6
{[%clk 0:18:58]} 8. Bc4 {[%clk 0:18:46]} O-O {[%clk 0:18:37]} 9. Qd2
{[%clk 0:17:47]} Re8 {[%clk 0:17:13]} 10. O-O-O {[%clk 0:16:39]} Ne5
{[%clk 0:15:51]} 11. Bb3 {[%clk 0:16:33]} e6 {[%clk 0:13:57]} 12. h3
{[%clk 0:13:26]} b6 {[%clk 0:13:03]} 13. f4 {[%clk 0:12:33]} Ned7
{[%clk 0:11:43]} 14. Nc6 {[%clk 0:10:24]} Qc7 {[%clk 0:10:25]} 15. Qxd6
{[%clk 0:09:40]} Nd5 {[%clk 0:09:32]} 16. Rxd5 {[%clk 0:09:04]} Qxd6
{[%clk 0:07:48]} 17. Rxd6 {[%clk 0:09:03]} Bb7 18. Nxa7 {[%clk 0:08:05]} Nf6
{[%clk 0:06:49]} 19. Nc6 {[%clk 0:07:06]} Bf8 {[%clk 0:06:26]} 20. Rd4
{[%clk 0:04:37]} Bc5 {[%clk 0:04:52]} 21. Rd3 {[%clk 0:04:02]} Bxc6 22. Bxc5 Bxe4
{[%clk 0:03:03]} 23. Nxe4 {[%clk 0:03:28]} Nxe4 {[%clk 0:02:54]} 24. Bxb6
{[%clk 0:03:20]} Ra6 {[%clk 0:02:37]} 25. Be3 {[%clk 0:03:08]} Ng3
{[%clk 0:02:28]} 26. Re1 {[%clk 0:02:52]} e5 {[%clk 0:02:03]} 27. Bc4
{[%clk 0:02:21]} Rc6 {[%clk 0:01:43]} 28. Bb5 {[%clk 0:02:09]} exf4
{[%clk 0:01:10]} 29. Bxc6 {[%clk 0:01:48]} Rxe3 {[%clk 0:01:02]} 30. Rexe3
{[%clk 0:01:45]} fxe3 {[%clk 0:01:01]} 31. Rxe3 {[%clk 0:01:40]} Nf5
{[%clk 0:01:00]} 32. Rd3 {[%clk 0:01:24]} Kg7 {[%clk 0:00:57]} 33. Kd2
{[%clk 0:01:22]} h5 {[%clk 0:00:55]} 34. a4 {[%clk 0:01:21]} f6 {[%clk 0:00:54]}
35. a5 {[%clk 0:01:19]} Ne7 {[%clk 0:00:52]} 36. Rc3 {[%clk 0:01:13]} Kf8
{[%clk 0:00:50]} 37. a6 {[%clk 0:01:12]} Nc8 {[%clk 0:00:47]} 38. Bb7
{[%clk 0:01:06]} Nb6 {[%clk 0:00:45]} 39. Rc8+ {[%clk 0:00:56]} Nxc8
{[%clk 0:00:43]} 40. Bxc8 {[%clk 0:00:55]} Ke7 {[%clk 0:00:42]} 41. a7
{[%clk 0:00:53]} Kd8 {[%clk 0:00:42]} 42. a8=Q {[%clk 0:00:50]} Ke7
{[%clk 0:00:40]} 43. Qb7+ {[%clk 0:00:47]} Kd6 {[%clk 0:00:38]} 44. Qd7+
{[%clk 0:00:45]} Kc5 {[%clk 0:00:38]} 45. Qa7+ {[%clk 0:00:27]} Kd5
{[%clk 0:00:35]} 46. Qa5+ {[%clk 0:00:25]} Kc6 {[%clk 0:00:30]} 47. Qc3+
{[%clk 0:00:24]} Kd6 {[%clk 0:00:29]} 48. Kd3 {[%clk 0:00:22]} Ke7
{[%clk 0:00:27]} 49. Qc6 {[%clk 0:00:19]} Kf8 {[%clk 0:00:25]} 50. Qe6
{[%clk 0:00:15]} Kg7 {[%clk 0:00:23]} 51. Ke4 {[%clk 0:00:11]} f5+
{[%clk 0:00:20]} 52. Kf4 {[%clk 0:00:10]} Kf8 {[%clk 0:00:18]} 53. Qf6+
{[%clk 0:00:08]} Ke8 {[%clk 0:00:16]} 54. Kg5 {[%clk 0:00:07]} h4
{[%clk 0:00:15]} 55. Qe6+ {[%clk 0:02:03]} Kf8 {[%clk 0:00:11]} 56. Qd7
{[%clk 0:01:51]} Kg8 {[%clk 0:00:09]} 57. Kf6 {[%clk 0:01:49]} Kh8
{[%clk 0:00:08]} 58. Qg7# 1-0

[Event "Nationale pupillendag 2013"]
[Site "Roosendaal"]
[Date "2013.06.15"]
[Round "5.5"]
[White "Van Dael, Siem"]
[Black "Janse, Circe"]
[Result "1-0"]
[LiveChessVersion "1.4.2"]
[BlackElo "585"]
[WhiteElo "1454"]

1. e4 {[%clk 0:19:58]} e5 {[%clk 0:19:59]} 2. Nf3 {[%clk 0:19:56]} Nc6
{[%clk 0:19:57]} 3. Bc4 {[%clk 0:19:55]} Nf6 {[%clk 0:19:56]} 4. d3
{[%clk 0:19:53]} Bc5 {[%clk 0:19:49]} 5. Nc3 {[%clk 0:19:51]} d6 {[%clk 0:19:47]}
6. Bg5 {[%clk 0:19:50]} Bg4 {[%clk 0:19:45]} 7. h3 {[%clk 0:19:48]} Bxf3
{[%clk 0:19:41]} 8. Qxf3 {[%clk 0:19:45]} O-O {[%clk 0:19:38]} 9. Nd5
{[%clk 0:19:44]} Nb4 {[%clk 0:19:29]} 10. Nxf6+ {[%clk 0:18:46]} gxf6
{[%clk 0:19:11]} 11. Bh6 {[%clk 0:18:21]} Nxc2+ {[%clk 0:19:05]} 12. Kd2
{[%clk 0:18:20]} Nxa1 {[%clk 0:19:02]} 13. Qg3+ {[%clk 0:18:19]} Kh8
{[%clk 0:18:25]} 14. Qg7# 1-0

[Event "Nationale pupillendag 2013"]
[Site "Roosendaal"]
[Date "2013.06.15"]
[Round "5.6"]
[White "Wijtsma, Aurelius"]
[Black "Baselmans, Daan"]
[Result "1-0"]
[LiveChessVersion "1.4.2"]
[BlackElo "722"]
[WhiteElo "622"]

1. e4 {[%clk 0:20:00]} e5 {[%clk 0:19:59]} 2. Nf3 {[%clk 0:19:59]} Nc6
{[%clk 0:19:57]} 3. Nc3 {[%clk 0:19:58]} Bb4 {[%clk 0:19:55]} 4. Bb5
{[%clk 0:19:53]} Nf6 {[%clk 0:19:53]} 5. d3 {[%clk 0:19:50]} O-O {[%clk 0:19:50]}
6. O-O {[%clk 0:19:40]} d6 {[%clk 0:19:49]} 7. Bg5 {[%clk 0:19:39]} Bg4
{[%clk 0:19:47]} 8. Nd5 {[%clk 0:19:14]} Nd4 {[%clk 0:19:15]} 9. Nxf6+
{[%clk 0:18:56]} gxf6 {[%clk 0:19:14]} 10. Bh6 Re8 11. Bxe8 {[%clk 0:18:18]} Qxe8
{[%clk 0:19:12]} 12. Kh1 {[%clk 0:17:57]} Kh8 {[%clk 0:19:10]} 13. Rg1 Nxf3 14.
gxf3 Bh5 15. a3 {[%clk 0:16:58]} Ba5 {[%clk 0:19:08]} 16. b4 {[%clk 0:16:56]} Bb6
{[%clk 0:19:07]} 17. c3 {[%clk 0:16:51]} Bxf2 {[%clk 0:19:03]} 18. Rg2
{[%clk 0:16:35]} Bh4 19. Bg7+ Kg8 20. Bxf6+ Kf8 {[%clk 0:18:33]} 21. Bxh4
{[%clk 0:16:30]} f5 {[%clk 0:18:29]} 22. Qg1 {[%clk 0:16:22]} Bxf3
{[%clk 0:18:21]} 23. exf5 Kf7 24. f6 {[%clk 0:15:35]} Qg8 {[%clk 0:18:14]} 25.
Raa2 {[%clk 0:15:28]} Qg6 {[%clk 0:17:38]} 26. Raf2 {[%clk 0:15:23]} Bxg2+
{[%clk 0:17:36]} 27. Rxg2 {[%clk 0:15:18]} Qxd3 {[%clk 0:17:32]} 28. Rg7+ Ke6 29.
Qg4+ Kd5 30. c4+ {[%clk 0:14:48]} Kc6 {[%clk 0:17:29]} 31. f7 {[%clk 0:14:39]}
Qf1+ {[%clk 0:17:23]} 32. Qg1 {[%clk 0:14:34]} Qf3+ {[%clk 0:17:17]} 33. Qg2
{[%clk 0:14:32]} Qxg2+ {[%clk 0:17:03]} 34. Kxg2 Rf8 35. b5+ {[%clk 0:14:26]} Kd7
{[%clk 0:17:02]} 36. Kf3 {[%clk 0:14:15]} Ke6 {[%clk 0:17:00]} 37. Ke4
{[%clk 0:14:09]} Rxf7 {[%clk 0:16:57]} 38. Rxf7 Kxf7 39. Bd8 {[%clk 0:14:03]} Ke6
{[%clk 0:16:56]} 40. Bxc7 {[%clk 0:13:58]} Kd7 {[%clk 0:16:52]} 41. Bb8
{[%clk 0:13:54]} Ke6 {[%clk 0:16:38]} 42. Bxa7 {[%clk 0:13:50]} h5
{[%clk 0:16:35]} 43. Bf2 {[%clk 0:13:40]} b6 {[%clk 0:16:26]} 44. Kd3
{[%clk 0:13:35]} d5 {[%clk 0:16:18]} 45. cxd5+ {[%clk 0:13:32]} Kxd5
{[%clk 0:16:16]} 46. Bxb6 {[%clk 0:13:29]} e4+ {[%clk 0:16:15]} 47. Kc3
{[%clk 0:13:22]} h4 {[%clk 0:16:13]} 1-0

[Event "Nationale pupillendag 2013"]
[Site "Roosendaal"]
[Date "2013.06.15"]
[Round "5.7"]
[White "Elgersma, Onno"]
[Black "Kudlicka, Marek"]
[Result "1-0"]
[LiveChessVersion "1.4.2"]
[BlackElo "617"]
[WhiteElo "492"]

1. e4 {[%clk 0:19:58]} e5 {[%clk 0:19:59]} 2. Bc4 {[%clk 0:19:56]} Nf6
{[%clk 0:19:57]} 3. Nf3 Bc5 4. Nxe5 {[%clk 0:19:46]} O-O {[%clk 0:19:48]} 5. O-O
{[%clk 0:19:37]} Nxe4 {[%clk 0:19:45]} 6. Qh5 {[%clk 0:19:04]} Qf6
{[%clk 0:19:12]} 7. Qf3 {[%clk 0:18:18]} Qxe5 {[%clk 0:19:00]} 8. Bd3
{[%clk 0:18:04]} d5 {[%clk 0:18:51]} 9. Nc3 Nxc3 {[%clk 0:18:38]} 10. dxc3
{[%clk 0:17:25]} Bd6 {[%clk 0:18:22]} 11. g3 {[%clk 0:16:59]} Bh3
{[%clk 0:18:06]} 12. Rd1 {[%clk 0:16:41]} h6 {[%clk 0:17:42]} 13. Bf4
{[%clk 0:16:33]} Qe6 {[%clk 0:17:34]} 14. Re1 {[%clk 0:16:20]} Qf6
{[%clk 0:17:17]} 15. Qxd5 Nc6 {[%clk 0:16:50]} 16. Qe4 {[%clk 0:15:44]} Qg6
{[%clk 0:16:19]} 17. Qxg6 {[%clk 0:15:06]} fxg6 {[%clk 0:16:18]} 18. Bxg6
{[%clk 0:14:59]} Bxf4 {[%clk 0:16:14]} 19. gxf4 {[%clk 0:14:57]} Rxf4
{[%clk 0:16:06]} 20. Kh1 {[%clk 0:14:09]} Rxf2 {[%clk 0:15:47]} 21. Re3
{[%clk 0:14:02]} Bg4 {[%clk 0:15:19]} 22. Kg1 {[%clk 0:13:17]} Rxc2
{[%clk 0:15:07]} 23. Rae1 {[%clk 0:13:10]} Bd7 {[%clk 0:14:54]} 24. b4
{[%clk 0:12:20]} a5 {[%clk 0:14:16]} 25. b5 {[%clk 0:12:16]} Na7 {[%clk 0:14:00]}
26. Re7 {[%clk 0:12:11]} Bxb5 {[%clk 0:13:53]} 27. h4 {[%clk 0:11:14]} Rxc3
{[%clk 0:13:40]} 28. Bf7+ {[%clk 0:10:53]} Kh7 {[%clk 0:13:29]} 29. h5
{[%clk 0:10:40]} Nc6 {[%clk 0:13:14]} 30. Bg6+ {[%clk 0:10:34]} Kg8
{[%clk 0:13:01]} 31. Re8+ {[%clk 0:10:34]} Rxe8 {[%clk 0:12:56]} 32. Rxe8#
{[%clk 0:10:32]} 1-0

[Event "Nationale pupillendag 2013"]
[Site "Roosendaal"]
[Date "2013.06.15"]
[Round "5.8"]
[White "Van der Heyden, Yacoub"]
[Black "Sealy, Dylan"]
[Result "0-1"]
[LiveChessVersion "1.4.2"]
[BlackElo "781"]
[WhiteElo "823"]

1. e4 {[%clk 0:19:59]} e5 {[%clk 0:19:59]} 2. Nf3 {[%clk 0:19:58]} Nc6
{[%clk 0:19:58]} 3. Nc3 {[%clk 0:19:56]} Nf6 {[%clk 0:19:56]} 4. Bc4
{[%clk 0:19:55]} Bb4 {[%clk 0:19:50]} 5. d3 {[%clk 0:19:53]} h6 {[%clk 0:19:47]}
6. O-O {[%clk 0:19:51]} d6 {[%clk 0:19:45]} 7. h3 {[%clk 0:19:49]} Bd7
{[%clk 0:19:43]} 8. a3 {[%clk 0:19:48]} Ba5 {[%clk 0:19:41]} 9. b4
{[%clk 0:19:45]} Bb6 {[%clk 0:19:40]} 10. Be3 {[%clk 0:19:37]} Nh5
{[%clk 0:19:25]} 11. Nxe5 {[%clk 0:18:09]} Nxe5 {[%clk 0:18:50]} 12. Qxh5
{[%clk 0:18:02]} Nxc4 {[%clk 0:18:10]} 13. dxc4 {[%clk 0:17:59]} Qe7
{[%clk 0:17:52]} 14. Bg5 {[%clk 0:17:37]} Qe5 {[%clk 0:17:15]} 15. Nd5
{[%clk 0:17:02]} Qxe4 {[%clk 0:16:19]} 16. Rfe1 {[%clk 0:16:41]} Qxe1+
{[%clk 0:15:32]} 17. Rxe1+ {[%clk 0:16:40]} Kf8 {[%clk 0:15:26]} 18. Re7
{[%clk 0:16:24]} Be6 {[%clk 0:15:04]} 19. Nf4 {[%clk 0:15:40]} Bxc4
{[%clk 0:14:36]} 20. Kh2 {[%clk 0:13:11]} Rh7 {[%clk 0:14:01]} 21. Bh4
{[%clk 0:12:40]} f6 {[%clk 0:13:32]} 22. Ng6+ {[%clk 0:12:16]} Kg8
{[%clk 0:13:20]} 23. Re4 {[%clk 0:11:55]} Ba2 {[%clk 0:12:34]} 24. c4
{[%clk 0:11:38]} c6 {[%clk 0:11:58]} 25. b5 {[%clk 0:11:31]} Bc7 {[%clk 0:11:33]}
26. Qg4 {[%clk 0:10:48]} d5+ {[%clk 0:11:09]} 27. Qg3 {[%clk 0:10:15]} Bxg3+
{[%clk 0:11:06]} 28. Bxg3 {[%clk 0:10:11]} Kf7 {[%clk 0:11:02]} 29. Re7+
{[%clk 0:09:04]} Kxg6 {[%clk 0:10:51]} 30. cxd5 {[%clk 0:08:59]} Bxd5
{[%clk 0:10:44]} 31. bxc6 {[%clk 0:08:56]} bxc6 {[%clk 0:10:36]} 32. Rd7
{[%clk 0:08:46]} a5 {[%clk 0:10:14]} 33. Bf4 {[%clk 0:07:46]} Rhh8
{[%clk 0:09:42]} 34. Bd2 {[%clk 0:07:24]} Rhd8 {[%clk 0:09:29]} 35. Re7
{[%clk 0:07:17]} c5 {[%clk 0:09:07]} 36. Bc3 {[%clk 0:07:03]} c4 {[%clk 0:08:58]}
37. f3 {[%clk 0:06:54]} a4 {[%clk 0:08:50]} 38. g4 {[%clk 0:06:36]} Bxf3
{[%clk 0:08:40]} 39. Kg3 {[%clk 0:06:28]} Bd5 {[%clk 0:08:32]} 40. h4
{[%clk 0:06:20]} Rab8 {[%clk 0:08:26]} 41. h5+ {[%clk 0:06:18]} Kh7
{[%clk 0:08:14]} 42. Bd2 {[%clk 0:05:31]} Rb3+ {[%clk 0:08:01]} 43. Kf4
{[%clk 0:05:19]} Rxa3 {[%clk 0:07:53]} 44. Be3 {[%clk 0:04:59]} c3
{[%clk 0:07:38]} 45. Bc1 {[%clk 0:04:51]} Ra1 {[%clk 0:07:29]} 46. Re1
{[%clk 0:04:34]} c2 {[%clk 0:07:11]} 47. Kg3 {[%clk 0:03:23]} Bb3
{[%clk 0:06:53]} 48. Bd2 {[%clk 0:02:47]} Rxe1 {[%clk 0:06:49]} 49. Bxe1 c1=Q 50.
Kf3 {[%clk 0:02:34]} Rd4 {[%clk 0:06:39]} 51. Bf2 {[%clk 0:02:24]} Bd5+
{[%clk 0:06:27]} 52. Ke2 {[%clk 0:02:18]} Qc2+ {[%clk 0:06:13]} 53. Kf1
{[%clk 0:02:16]} Rd1+ {[%clk 0:06:09]} 54. Be1 {[%clk 0:02:09]} Qg2#
{[%clk 0:06:05]} 0-1

[Event "Nationale pupillendag 2013"]
[Site "Roosendaal"]
[Date "2013.06.15"]
[Round "5.9"]
[White "Piersma, Wisse"]
[Black "Kien, Clovis"]
[Result "1-0"]
[LiveChessVersion "1.4.2"]
[BlackElo "687"]
[WhiteElo "602"]

1. e4 {[%clk 0:19:56]} e5 {[%clk 0:19:58]} 2. Nf3 {[%clk 0:19:53]} Nc6
{[%clk 0:19:56]} 3. d4 {[%clk 0:19:51]} exd4 {[%clk 0:19:53]} 4. Nxd4
{[%clk 0:19:48]} Bc5 {[%clk 0:19:45]} 5. Be3 {[%clk 0:19:45]} Nge7
{[%clk 0:19:37]} 6. Bc4 {[%clk 0:19:32]} d6 {[%clk 0:19:29]} 7. Nc3
{[%clk 0:19:02]} Bd7 {[%clk 0:19:17]} 8. O-O {[%clk 0:18:50]} O-O
{[%clk 0:19:14]} 9. Nxc6 {[%clk 0:18:41]} Nxc6 {[%clk 0:18:49]} 10. Bxc5
{[%clk 0:18:31]} dxc5 {[%clk 0:18:46]} 11. Qh5 {[%clk 0:17:54]} Qe7
{[%clk 0:18:05]} 12. Rad1 {[%clk 0:17:11]} Nd4 {[%clk 0:17:21]} 13. Rd3
{[%clk 0:15:59]} Nxc2 {[%clk 0:16:20]} 14. Bb5 {[%clk 0:15:25]} c6
{[%clk 0:16:13]} 15. Bc4 {[%clk 0:14:54]} b5 {[%clk 0:16:10]} 16. Bb3
{[%clk 0:14:25]} c4 {[%clk 0:16:05]} 17. Rxd7 {[%clk 0:13:23]} Qxd7
{[%clk 0:15:56]} 18. Bxc2 {[%clk 0:13:11]} Rae8 {[%clk 0:15:30]} 19. e5
{[%clk 0:12:55]} Qd2 {[%clk 0:15:27]} 20. Qxh7# {[%clk 0:12:48]} 1-0

[Event "Nationale pupillendag 2013"]
[Site "Roosendaal"]
[Date "2013.06.15"]
[Round "5.10"]
[White "Roskam, Boaz"]
[Black "Van Steenoven, Luuk"]
[Result "0-1"]
[LiveChessVersion "1.4.2"]
[BlackElo "939"]
[WhiteElo "343"]

1. e4 {[%clk 0:20:00]} d5 {[%clk 0:19:59]} 2. exd5 {[%clk 0:19:57]} Nf6
{[%clk 0:19:57]} 3. Nc3 {[%clk 0:19:49]} Nxd5 {[%clk 0:19:53]} 4. Nxd5
{[%clk 0:19:40]} Qxd5 {[%clk 0:19:49]} 5. b3 {[%clk 0:19:28]} Nc6
{[%clk 0:19:45]} 6. Bc4 {[%clk 0:19:25]} Qxg2 {[%clk 0:19:37]} 7. Qf3
{[%clk 0:19:03]} Qxf3 {[%clk 0:19:31]} 8. Nxf3 {[%clk 0:19:01]} b6
{[%clk 0:19:26]} 9. Bb5 {[%clk 0:18:59]} Bb7 {[%clk 0:19:21]} 10. Ne5
{[%clk 0:18:51]} a6 {[%clk 0:19:08]} 11. Bxc6+ {[%clk 0:18:42]} Bxc6
{[%clk 0:19:06]} 12. Nxc6 {[%clk 0:18:39]} e6 {[%clk 0:19:04]} 13. O-O
{[%clk 0:18:34]} Bd6 {[%clk 0:18:56]} 14. Bb2 {[%clk 0:18:27]} Kd7
{[%clk 0:18:52]} 15. Bxg7 {[%clk 0:18:18]} Rhg8 {[%clk 0:18:50]} 16. Ne5+
{[%clk 0:18:02]} Bxe5 {[%clk 0:18:48]} 17. Kh1 {[%clk 0:17:51]} Rxg7
{[%clk 0:18:46]} 18. Rg1 {[%clk 0:17:49]} Rag8 {[%clk 0:18:44]} 19. Raf1
{[%clk 0:17:44]} Rg5 {[%clk 0:18:33]} 20. Rxg5 {[%clk 0:17:38]} Rxg5
{[%clk 0:18:33]} 21. Rg1 {[%clk 0:17:37]} Rh5 {[%clk 0:18:30]} 22. c3
{[%clk 0:17:33]} Rxh2# {[%clk 0:18:28]} 0-1

[Event "Nationale pupillendag 2013"]
[Site "Roosendaal"]
[Date "2013.06.15"]
[Round "5.11"]
[White "Beukema, Constantijn"]
[Black "Kutchoukov, Daniel"]
[Result "1-0"]
[LiveChessVersion "1.4.2"]
[BlackElo "563"]
[WhiteElo "516"]

1. e4 {[%clk 0:20:00]} e5 {[%clk 0:19:57]} 2. Nf3 {[%clk 0:19:58]} Nc6
{[%clk 0:19:53]} 3. Nc3 {[%clk 0:19:57]} Bb4 {[%clk 0:19:48]} 4. d4
{[%clk 0:19:48]} d6 {[%clk 0:19:42]} 5. d5 {[%clk 0:19:45]} Nd4 {[%clk 0:19:32]}
6. Nxd4 {[%clk 0:19:36]} exd4 {[%clk 0:19:29]} 7. Qxd4 {[%clk 0:19:34]} Bxc3+
{[%clk 0:19:14]} 8. Qxc3 {[%clk 0:19:31]} Nf6 {[%clk 0:19:12]} 9. e5
{[%clk 0:19:29]} dxe5 {[%clk 0:19:07]} 10. Qxe5+ {[%clk 0:19:27]} Be6
{[%clk 0:18:59]} 11. dxe6 {[%clk 0:19:22]} O-O {[%clk 0:18:44]} 12. exf7+
{[%clk 0:19:19]} Rxf7 {[%clk 0:18:42]} 13. Qe2 {[%clk 0:19:09]} Re7
{[%clk 0:18:40]} 14. Be3 {[%clk 0:19:07]} Qd5 {[%clk 0:18:02]} 15. Qd3
{[%clk 0:19:03]} Qa5+ {[%clk 0:17:51]} 16. Qd2 {[%clk 0:18:47]} Qe5
{[%clk 0:17:24]} 17. O-O-O {[%clk 0:18:39]} Rd7 {[%clk 0:16:54]} 18. Bd4
{[%clk 0:18:37]} Qe6 {[%clk 0:16:36]} 19. Re1 {[%clk 0:18:28]} Qg4
{[%clk 0:16:10]} 20. f3 {[%clk 0:18:26]} Qg6 {[%clk 0:16:07]} 21. Bc4+
{[%clk 0:18:18]} Kh8 {[%clk 0:16:01]} 22. Bd3 {[%clk 0:17:54]} Qf7
{[%clk 0:15:30]} 23. Be4 {[%clk 0:17:48]} c5 {[%clk 0:15:21]} 24. c3
{[%clk 0:17:19]} cxd4 {[%clk 0:15:17]} 25. cxd4 {[%clk 0:17:16]} Nxe4
{[%clk 0:15:14]} 26. Rxe4 {[%clk 0:17:13]} Qxa2 {[%clk 0:15:07]} 27. Rhe1
{[%clk 0:17:07]} Qa1+ {[%clk 0:14:46]} 28. Kc2 {[%clk 0:17:06]} Qa4+
{[%clk 0:14:42]} 29. b3 {[%clk 0:17:05]} Rc8+ {[%clk 0:14:38]} 30. Kb2
{[%clk 0:17:01]} Rxd4 {[%clk 0:13:34]} 31. Rxd4 {[%clk 0:16:57]} Qc6
{[%clk 0:11:53]} 32. Rd8+ {[%clk 0:16:46]} Qe8 {[%clk 0:11:52]} 33. Rexe8# 1-0

[Event "Nationale pupillendag 2013"]
[Site "Roosendaal"]
[Date "2013.06.15"]
[Round "5.12"]
[White "Pham, Khoi"]
[Black "Mooibroek, Willem"]
[Result "1-0"]
[LiveChessVersion "1.4.2"]
[BlackElo "358"]
[WhiteElo "948"]

1. e4 {[%clk 0:19:59]} e5 2. d4 Nc6 {[%clk 0:19:49]} 3. d5 {[%clk 0:19:57]} Nd4
{[%clk 0:19:43]} 4. c3 {[%clk 0:19:55]} Nb5 {[%clk 0:19:28]} 5. Bxb5
{[%clk 0:19:54]} Nf6 {[%clk 0:19:17]} 6. Bg5 {[%clk 0:19:48]} Be7
{[%clk 0:19:10]} 7. Nd2 {[%clk 0:19:43]} O-O {[%clk 0:18:54]} 8. Ngf3
{[%clk 0:19:31]} d6 {[%clk 0:18:38]} 9. O-O {[%clk 0:19:24]} Bg4 {[%clk 0:18:22]}
10. h3 {[%clk 0:19:21]} Bxf3 {[%clk 0:18:18]} 11. Nxf3 {[%clk 0:19:19]} Nxe4
{[%clk 0:18:08]} 12. Bxe7 {[%clk 0:19:17]} Qxe7 {[%clk 0:18:05]} 13. Bd3
{[%clk 0:19:08]} Nc5 {[%clk 0:17:43]} 14. Bc2 {[%clk 0:19:01]} e4
{[%clk 0:17:36]} 15. Nd4 {[%clk 0:18:58]} e3 {[%clk 0:16:50]} 16. b4
{[%clk 0:18:23]} Nd7 {[%clk 0:16:19]} 17. Nf5 {[%clk 0:18:09]} Qe5
{[%clk 0:16:01]} 18. Nxe3 {[%clk 0:18:06]} Qxc3 {[%clk 0:15:28]} 19. Qg4
{[%clk 0:17:12]} Rad8 {[%clk 0:15:04]} 20. Rac1 {[%clk 0:17:09]} Qxb4
{[%clk 0:14:52]} 21. Qxb4 {[%clk 0:16:38]} b6 {[%clk 0:14:41]} 22. Qh4
{[%clk 0:16:22]} g6 {[%clk 0:13:47]} 23. Ng4 {[%clk 0:16:19]} f5 {[%clk 0:13:44]}
24. Nh6+ {[%clk 0:15:45]} Kg7 {[%clk 0:12:58]} 25. Qg5 {[%clk 0:15:43]} Kh8
{[%clk 0:12:38]} 26. Rfe1 {[%clk 0:17:16]} Nf6 {[%clk 0:11:25]} 27. Re7
{[%clk 0:17:03]} Nxd5 {[%clk 0:11:06]} 28. Nf7+ {[%clk 0:16:30]} Rxf7
{[%clk 0:10:52]} 29. Rxf7 {[%clk 0:16:28]} Rg8 30. Bb3 Nb4 {[%clk 0:09:59]} 31.
Qf6+ {[%clk 0:16:14]} Rg7 {[%clk 0:09:28]} 32. Rf8# {[%clk 0:16:13]} 1-0

[Event "Nationale pupillendag 2013"]
[Site "Roosendaal"]
[Date "2013.06.15"]
[Round "5.13"]
[White "Reina, Leon"]
[Black "Bleeker, Kasper"]
[Result "1-0"]
[LiveChessVersion "1.4.2"]
[BlackElo "587"]
[WhiteElo "738"]

1. e4 e5 2. Nf3 {[%clk 0:20:00]} Nc6 {[%clk 0:19:56]} 3. Bc4 {[%clk 0:19:59]} Nf6
{[%clk 0:19:54]} 4. Nc3 {[%clk 0:19:57]} Bc5 {[%clk 0:19:50]} 5. d3
{[%clk 0:19:56]} d6 {[%clk 0:19:49]} 6. Bg5 {[%clk 0:19:54]} Bg4 {[%clk 0:19:41]}
7. h3 {[%clk 0:19:51]} h6 {[%clk 0:19:40]} 8. Bxf6 {[%clk 0:19:46]} Bxf3
{[%clk 0:19:37]} 9. Qxf3 {[%clk 0:19:33]} Nd4 {[%clk 0:19:21]} 10. Bxd8
{[%clk 0:19:31]} Nxf3+ {[%clk 0:19:19]} 11. gxf3 {[%clk 0:19:29]} Rxd8
{[%clk 0:19:18]} 12. a3 {[%clk 0:19:14]} O-O {[%clk 0:19:07]} 13. b4
{[%clk 0:19:09]} Bd4 {[%clk 0:19:03]} 14. Kd2 {[%clk 0:19:01]} Bxf2
{[%clk 0:18:53]} 15. Nd5 c6 {[%clk 0:18:36]} 16. Nc3 {[%clk 0:18:38]} Bd4
{[%clk 0:18:35]} 17. Raf1 {[%clk 0:18:31]} Bxc3+ {[%clk 0:18:23]} 18. Kxc3
{[%clk 0:18:30]} d5 {[%clk 0:18:22]} 19. exd5 {[%clk 0:18:28]} cxd5
{[%clk 0:18:21]} 20. Bb3 {[%clk 0:18:25]} d4+ {[%clk 0:18:15]} 21. Kb2
{[%clk 0:18:24]} Rd7 {[%clk 0:18:03]} 22. Rhg1 {[%clk 0:18:15]} Rc7
{[%clk 0:17:55]} 23. Re1 {[%clk 0:18:12]} Rfc8 {[%clk 0:17:45]} 24. c4
{[%clk 0:18:07]} dxc3+ 25. Kc2 Re8 {[%clk 0:17:03]} 26. f4 {[%clk 0:19:59]} Rce7
{[%clk 0:16:53]} 27. Ba4 {[%clk 0:19:58]} Rf8 {[%clk 0:16:36]} 28. fxe5
{[%clk 0:19:54]} Rc8 {[%clk 0:16:32]} 29. Re2 {[%clk 0:19:41]} f6
{[%clk 0:16:15]} 30. Rge1 {[%clk 0:19:31]} a6 {[%clk 0:16:05]} 31. exf6
{[%clk 0:19:29]} Rxe2+ {[%clk 0:16:03]} 32. Rxe2 {[%clk 0:19:28]} gxf6
{[%clk 0:16:01]} 33. Re6 {[%clk 0:19:23]} Kf7 {[%clk 0:15:56]} 34. Re1
{[%clk 0:19:19]} Rg8 {[%clk 0:15:51]} 35. Bb3+ {[%clk 0:19:18]} Kg7
{[%clk 0:15:49]} 36. Bxg8 {[%clk 0:19:16]} Kxg8 {[%clk 0:15:46]} 37. Re7
{[%clk 0:19:14]} Kf8 {[%clk 0:15:40]} 38. Rxb7 {[%clk 0:19:13]} Ke8
{[%clk 0:15:39]} 39. Rg7 {[%clk 0:19:05]} Kf8 {[%clk 0:15:37]} 40. Rh7
{[%clk 0:19:05]} Kg8 {[%clk 0:15:37]} 41. Rxh6 {[%clk 0:19:05]} Kg7 42. Rh4
{[%clk 0:19:05]} Kg6 {[%clk 0:15:37]} 43. Kxc3 {[%clk 0:19:02]} Kg5
{[%clk 0:15:37]} 44. Rc4 {[%clk 0:19:00]} f5 {[%clk 0:15:35]} 45. Rc5
{[%clk 0:18:53]} Kf4 {[%clk 0:15:33]} 46. d4 {[%clk 0:18:51]} Kg3
{[%clk 0:15:31]} 47. Rxf5 {[%clk 0:18:48]} Kxh3 {[%clk 0:15:24]} 48. d5
{[%clk 0:18:47]} Kg4 {[%clk 0:15:23]} 49. Rf1 {[%clk 0:18:46]} Kg5
{[%clk 0:15:22]} 50. d6 {[%clk 0:18:45]} Kg6 {[%clk 0:15:21]} 51. d7 a5 52. d8=Q
{[%clk 0:18:40]} axb4+ 53. Kxb4 Kg7 {[%clk 0:15:05]} 54. Qf6+ {[%clk 0:18:38]}
Kh7 {[%clk 0:14:58]} 55. Rh1+ {[%clk 0:18:37]} Kg8 {[%clk 0:14:56]} 56. Rh8# 1-0